01504cam a2200313 a 450000100100000000500170001000800410002702000270006802000270009504000290012204100380015105000160018908200150020510000450022024503380026526000370060330000210064050400420066165100690070365000440077265100500081670000770086670000340094370000350097791000330101204900090104595201190105499900170117300001841120200929165510.0711220s1971 xxc b 000 0 eng d a0887500358 (hardcover) a0887500366 (softcover) aDO-SdBNPbengcLCdBNPHU17aenghfre2Código de idioma MARC00aE141b.C513 ann*bC453v1 aChamplain, Samuel de,d1567-1635.93986010aVoyages to New France :bbeing a narrative of the many remarkable things that happened in the West Indies in the years 1599-1601, with an account of the manners and customs of the savages of Canada and a description of that country in the year 1603 /cSamuel de Champlain ; traducción Michael Macklem ; introducción Edward Miles. a[Ottawa] :bOberon Press,c1971. a111 p. ;c21 cm. aIncluye referencias bibliográficas. 0aWest IndiesxDescription And TravelxEarly Works To 1800.939861 0aIndians of north americazCanada.95433 0aNew FrancexDiscovery And Exploration.93986211aChamplain, Samuel de,d1567-1635.tBrief discours. English. 1971.9398631 aMacklem, Michael,etr.9398641 aMiles, Edward,eintrod.939865 aCatalogación derivada / LC aBNGR 001052708MOaGRbGRcCTd2010-05-06iLF1l0onn* C453vp18411-10r2020-06-25w2020-06-25y2ZPréstamo interno c17932d17932